Robert E. Howard's Kull /

"Kull is a collection of Fantasy short stories by Robert E. Howard. It was first published in 1967 by Lancer Books under the title King Kull. This edition included three stories completed by Lin Carter from unfinished fragments and drafts by Howard. Later editions, retitled as Kull, replaced th...

Full description

Bibliographic Details
Main Author: Howard, Robert E. (Robert Ervin), 1906-1936
Other Authors: Dameron, Ned (Illustrator)
Format: Book
Language:English
Published: West Kingston, RI : Donald M. Grant, [1985]
Edition:First hardcover edition.
Subjects:

MARC

Tag First Indicator Second Indicator Subfields
LEADER 00000cam a2200000 i 4500
001 in00000782879
005 20230328165848.1
008 860422t19851985riua 000 j eng d
020 |a 0937986755  |q (trade ed.) 
020 |a 9780937986752  |q (trade ed.) 
020 |z 0937986747  |q (deluxe ed.) 
020 |z 9780937986745  |q (deluxe ed.) 
035 |a (OCoLC)ocm13477451 
035 |a (OCoLC)13477451 
035 |a (OCoLC)ocm13477451 
040 |a IXA  |b eng  |e rda  |c IXA  |d OCL  |d YDXCP  |d OCLCG  |d OCLCA  |d TXA  |d OCLCQ  |d OCLCF  |d OCLCQ  |d OCLCO  |d OCLCQ  |d NUI  |d OCL  |d OCLCO  |d OCLCQ  |d TXA 
050 4 |a PS3515.O842  |b K84 1985 
100 1 |a Howard, Robert E.  |q (Robert Ervin),  |d 1906-1936. 
240 1 0 |a Kull 
245 1 0 |a Robert E. Howard's Kull /  |c illustrated by Ned Dameron. 
250 |a First hardcover edition. 
250 |a Trade edition. 
264 1 |a West Kingston, RI :  |b Donald M. Grant,  |c [1985] 
264 4 |c ©1985 
300 |a 247 pages :  |b illustrations (some color) ;  |c 26 cm 
336 |a text  |b txt  |2 rdacontent 
337 |a unmediated  |b n  |2 rdamedia 
338 |a volume  |b nc  |2 rdacarrier 
500 |a One of the Cushing Library Science Fiction Collection copies donated by Victor W. Horadam. 
500 |a Largely a new edition of the stories originally published as King Kull by Lancer Books, 1967. 
505 0 |a Prolog -- Exile of Atlantis -- The shadow kingdom -- The altar and the scorpion -- Delcardes' cat -- The skull of silence -- By this axe I rule! -- The striking of the gong -- Swords of the purple kingdom -- The king and the oak -- Untitled -- The mirrors of Tuzun Thune -- The black city -- Untitled -- Epilog. 
520 |a "Kull is a collection of Fantasy short stories by Robert E. Howard. It was first published in 1967 by Lancer Books under the title King Kull. This edition included three stories completed by Lin Carter from unfinished fragments and drafts by Howard. Later editions, retitled as Kull, replaced the stories with the uncompleted fragments. Two of the stories, and the poem, The King and the Oak, originally appeared in the magazine Weird Tales."--Wikipedia. 
655 7 |a Fantasy fiction  |2 fast  |0 (OCoLC)fst01726607 
655 7 |a Fantasy fiction.  |2 lcgft 
655 7 |a Short stories.  |2 lcgft 
700 1 |a Dameron, Ned,  |e illustrator. 
938 |a YBP Library Services  |b YANK  |n 1118323 
948 |h HELD BY TXA - 19 OTHER HOLDINGS 
994 |a Z0  |b TXA 
999 f f |s 438563b9-9dce-38df-9d23-112acae0f84e  |i d6dd43cf-6fcb-3f7f-b3a5-c6a3ef9fa990  |t 0 
952 f f |p ric  |a Texas A&M University  |b Rellis Campus  |c Joint Library Facility  |s JLF  |d Remote Storage  |t 0  |e PS3515.O842 K84 1985  |h Library of Congress classification  |i unmediated -- volume  |m A14836378470 
998 f f |a PS3515.O842 K84 1985  |t 0  |l Remote Storage